Curso de derecho constitucional (Registro nro. 6873)

Detalles MARC
000 -LEADER
fixed length control field 01640 a2200217 4500
001 - CONTROL NUMBER
control field 60057
005 - DATE AND TIME OF LATEST TRANSACTION
control field 20260407155852.0
008 - FIXED-LENGTH DATA ELEMENTS--GENERAL INFORMATION
fixed length control field 260407a1985 arg spa d
003 - CONTROL NUMBER IDENTIFIER
control field AR-UNSa-BCEJYS
040 ## - CATALOGING SOURCE
Original cataloging agency AR-UNSa-BCEJYS
Language of cataloging spa
Transcribing agency AR-UNSa-BCEJYS
080 ## - UNIVERSAL DECIMAL CLASSIFICATION NUMBER
Universal Decimal Classification number 342
Common auxiliary subdivision Derecho constitucional (Derecho Público)
020 ## - INTERNATIONAL STANDARD BOOK NUMBER
International Standard Book Number 950-14-0295-9
041 ## - LANGUAGE CODE
Language code of text/sound track or separate title spa
100 1# - MAIN ENTRY--PERSONAL NAME
Personal name Quiroga Lavié, Humberto
245 10 - TITLE STATEMENT
Title Curso de derecho constitucional
264 #1 - PRODUCTION, PUBLICATION, DISTRIBUTION, MANUFACTURE, AND COPYRIGHT NOTICE
Place of production, publication, distribution, manufacture Buenos Aires :
Name of producer, publisher, distributor, manufacturer Ediciones Depalma
Date of production, publication, distribution, manufacture, or copyright notice 1985
300 ## - PHYSICAL DESCRIPTION
Extent xiv, 354 p.
Dimensions 23 cm.
505 ## - FORMATTED CONTENTS NOTE
Formatted contents note 1. El concepto de constitución - 2. Tipología y clasificación de las constituciones – 3. Los principios constitucionales. Los principios de supremacía y de control de constitucionalidad – 4. Los principios constitucionales (continuación). Los principios de limitación y razonabilidad – 5. Los principios constitucionales (conclusión). Los principios de funcionalidad y de estabilidad constitucional – 6. Normas y actos constitucionales. La interpretación constitucional – 7. Los derechos constitucionales. Los derechos públicos subjetivos de la sociedad frente al estado – 8. Los derechos civiles en la constitución del estado – 9. La estructura orgánica de funcionamiento del estado – 10. Las atribuciones exclusivas del estado federal – 11. La provincia Argentina y sus atribuciones constitucionales – 12. El poder Legislativo – 13. El poder Ejecutivo – 14. El poder Judicial – 15. La realidad constitucional al margen de la vigencia de su estructura normativa. Los gobiernos de “facto”
590 ## - LOCAL NOTE (RLIN)
Local note niveau_biblio:m niveau_hierar:0
942 ## - ADDED ENTRY ELEMENTS (KOHA)
Koha item type
Existencias
Withdrawn status Lost status Damaged status Not for loan Home library Current library Shelving location Date acquired Total checkouts Full call number Barcode Date last seen Price effective from Koha item type
        Biblioteca Prof. Eusebio Cleto del Rey Biblioteca Prof. Eusebio Cleto del Rey   07/04/2026   342 Q8c L44387 07/04/2026 07/04/2026 Libro
        Biblioteca Prof. Eusebio Cleto del Rey Biblioteca Prof. Eusebio Cleto del Rey   07/04/2026   342 Q8c L44388 07/04/2026 07/04/2026 Libro
        Biblioteca Prof. Eusebio Cleto del Rey Biblioteca Prof. Eusebio Cleto del Rey   07/04/2026   342 Q8c L44389 07/04/2026 07/04/2026 Libro
        Biblioteca Prof. Eusebio Cleto del Rey Biblioteca Prof. Eusebio Cleto del Rey   07/04/2026   342 Q8c L53226 07/04/2026 07/04/2026 Libro